[Event "CHN-chT Div A Finals"]
[Site "Nanjing"]
[Date "2023.12.05"]
[Round "4.1"]
[White "Xu, Jun"]
[Black "Nie, Xinyang"]
[Result "1/2-1/2"]
[WhiteElo "2470"]
[BlackElo "2438"]
[PlyCount "62"]
[EventDate "2023.12.02"]
[EventType "team-tourn"]
[EventRounds "10"]
[EventCountry "CHN"]
[SourceTitle "CB50_2023"]
[SourceDate "2023.12.13"]
[SourceVersion "1"]
[SourceVersionDate "2023.12.13"]
[SourceQuality "1"]
[WhiteTeam "Jiangsu"]
[BlackTeam "Chongqing Jiulongpo"]
[WhiteTeamCountry "CHN"]
[BlackTeamCountry "CHN"]

1. c4 e5 2. Nc3 c5 3. g3 Nc6 4. Bg2 g6 5. e3 Bg7 6. Nge2 Nge7 7. d3 0-0 8. a3 a6 9. b4 cxb4 10. axb4 Nxb4 11. Ba3 Nbc6 12. Ne4 b5 13. Bc5 bxc4 14. dxc4 f5 15. Nd6 e4 16. Ra4 Ne5 17. 0-0 Nd3 18. Ba3 Rb8 19. Nf4 Nb2 20. Bxb2 Rxb2 21. Nd5 Be5 22. Nxc8 Nxc8 23. Rxa6 Nd6 24. Nf4 Bxf4 25. gxf4 Nf7 26. Qd5 Rc2 27. Ra7 d6 28. Rb1 Qh4 29. Rf1 Qd8 30. Rb1 Qh4 31. Rf1 Qd8 1/2-1/2

[Event "CHN-chT DivA"]
[Site "Fuling"]
[Date "2023.06.15"]
[Round "9.5"]
[White "Xu, Jun"]
[Black "Zhao, Jun"]
[Result "1/2-1/2"]
[WhiteElo "2468"]
[BlackElo "2584"]
[PlyCount "101"]
[EventDate "2023.06.05"]
[EventType "team-tourn"]
[EventRounds "11"]
[EventCountry "CHN"]
[SourceTitle "CBM 214 Extra"]
[Source "ChessBase"]
[SourceDate "2023.07.31"]
[SourceVersion "1"]
[SourceVersionDate "2023.07.31"]
[SourceQuality "1"]
[WhiteTeam "Jiangsu"]
[BlackTeam "Shandong"]
[WhiteTeamCountry "CHN"]
[BlackTeamCountry "CHN"]

1. d4 Nf6 2. c4 e6 3. Nf3 d5 4. Nc3 Be7 5. Bg5 h6 6. Bxf6 Bxf6 7. e3 0-0 8. Rc1 dxc4 9. Bxc4 Nd7 10. 0-0 c5 11. Ne4 cxd4 12. Nxf6+ Nxf6 13. Qxd4 b6 14. Rfd1 Bb7 15. Qxd8 Rfxd8 16. Rxd8+ Rxd8 17. Bf1 Bxf3 18. gxf3 g5 19. a4 Rd2 20. b3 Kg7 21. h3 Nd7 22. Rc7 a5 23. Rc6 Kf6 24. Bb5 Rb2 25. Rd6 Ne5 26. Kg2 Ng6 27. Rxb6 Nh4+ 28. Kf1 Nxf3 29. Ra6 Nd2+ 30. Ke1 Nxb3 31. Ra7 Nc5 32. Rxa5 Ne4 33. f3 Nc3 34. Bc6 Re2+ 35. Kf1 Rxe3 36. h4 Rd3 37. hxg5+ hxg5 38. Rc5 Nxa4 39. Bxa4 Rxf3+ 40. Ke2 Rg3 41. Rc7 Rg2+ 42. Ke3 Rg3+ 43. Ke2 Rh3 44. Be8 Rh7 45. Kf3 e5 46. Ra7 Ke6 47. Bd7+ Kf6 48. Be8 Rh8 49. Rxf7+ Ke6 50. Rg7 Rxe8 51. Rxg5 1/2-1/2

[Event "CHN-chT"]
[Site "Nanjing"]
[Date "2023.02.22"]
[Round "9.3"]
[White "Wen, Yang"]
[Black "Xu, Jun"]
[Result "1/2-1/2"]
[WhiteElo "2585"]
[BlackElo "2476"]
[PlyCount "66"]
[EventDate "2023.02.14"]
[EventType "team-swiss"]
[EventRounds "9"]
[EventCountry "CHN"]
[SourceTitle "CBM 212 Extra"]
[Source "ChessBase"]
[SourceDate "2023.03.31"]
[SourceVersion "1"]
[SourceVersionDate "2023.03.31"]
[SourceQuality "1"]
[WhiteTeam "Shandong"]
[BlackTeam "Jiangsu"]
[WhiteTeamCountry "CHN"]
[BlackTeamCountry "CHN"]

1. e4 c5 2. Nf3 d6 3. Bb5+ Nd7 4. d4 cxd4 5. Qxd4 a6 6. Be2 Ngf6 7. 0-0 g6 8. Rd1 Bg7 9. Nc3 Qc7 10. Nd5 Qd8 11. Bg5 0-0 12. Qe3 Nxd5 13. exd5 Qb6 14. Rab1 Qxe3 15. Bxe3 Nc5 16. Nd4 Bd7 17. c4 Rfc8 18. b3 b5 19. Rbc1 bxc4 20. Bxc4 Rab8 21. Be2 a5 22. Rc4 Rb4 23. Rdc1 Rxc4 24. Rxc4 Kf8 25. h4 e6 26. dxe6 fxe6 27. Nf3 Ke7 28. Bxc5 Rxc5 29. Rxc5 dxc5 30. Bc4 h6 31. Kf1 Bc6 32. Ke2 Bf6 33. g3 g5 1/2-1/2

[Event "CHN-chT Div A KO"]
[Site "Liaocheng"]
[Date "2023.02.10"]
[Round "5.3"]
[White "Li, Chao B"]
[Black "Xu, Jun"]
[Result "1/2-1/2"]
[WhiteElo "2672"]
[BlackElo "2476"]
[PlyCount "70"]
[EventDate "2023.02.06"]
[EventType "team-k.o."]
[EventRounds "6"]
[EventCountry "CHN"]
[SourceTitle "CBM 212 Extra"]
[Source "ChessBase"]
[SourceDate "2023.03.31"]
[SourceVersion "1"]
[SourceVersionDate "2023.03.31"]
[SourceQuality "1"]
[WhiteTeam "Beijing"]
[BlackTeam "Jiangsu"]
[WhiteTeamCountry "CHN"]
[BlackTeamCountry "CHN"]

1. d4 Nf6 2. c4 e6 3. g3 c5 4. d5 exd5 5. cxd5 d6 6. Nc3 g6 7. Bg2 Bg7 8. Nf3 0-0 9. 0-0 Re8 10. Re1 a6 11. a4 Nbd7 12. Bf4 Ng4 13. h3 Nge5 14. Ne4 Qe7 15. Qc1 b6 16. g4 Bb7 17. Nxe5 Nxe5 18. Bg5 f6 19. Bh4 Nf7 20. Qd2 b5 21. f4 b4 22. a5 Bc8 23. e3 Bd7 24. Qf2 g5 25. Bg3 f5 26. gxf5 Bxf5 27. Nxg5 Nxg5 28. fxg5 Qxg5 29. Bxd6 Bxh3 30. Bxc5 Re4 31. Re2 Rg4 32. Qf3 Rg3 33. Qe4 Rg4 34. Qf3 Rg3 35. Qe4 Rg4 1/2-1/2

[Event "CHN-chT Div A KO"]
[Site "Liaocheng"]
[Date "2023.02.06"]
[Round "1.1"]
[White "Xu, Jun"]
[Black "Bai, Jinshi"]
[Result "1/2-1/2"]
[WhiteElo "2476"]
[BlackElo "2566"]
[PlyCount "67"]
[EventDate "2023.02.06"]
[EventType "team-k.o."]
[EventRounds "6"]
[EventCountry "CHN"]
[SourceTitle "CBM 212 Extra"]
[Source "ChessBase"]
[SourceDate "2023.03.31"]
[SourceVersion "1"]
[SourceVersionDate "2023.03.31"]
[SourceQuality "1"]
[WhiteTeam "Jiangsu"]
[BlackTeam "Hangzhou Bank"]
[WhiteTeamCountry "CHN"]
[BlackTeamCountry "CHN"]

1. c4 c5 2. Nf3 Nf6 3. Nc3 Nc6 4. g3 g6 5. Bg2 Bg7 6. d4 d5 7. dxc5 Qa5 8. cxd5 Nxd5 9. Qxd5 Bxc3+ 10. Bd2 Be6 11. Bxc3 Qxc3+ 12. bxc3 Bxd5 13. 0-0 0-0-0 14. Rfd1 Bxf3 15. Bxf3 Kc7 16. Kg2 Ne5 17. Rd4 Nxf3 18. Kxf3 e5 19. Rd3 Rhe8 20. Ke3 Kc6 21. Rb1 Rxd3+ 22. exd3 Re7 23. g4 f6 24. Rb4 Kxc5 25. Rc4+ Kd6 26. Rc8 f5 27. gxf5 gxf5 28. Rf8 Ke6 29. f4 exf4+ 30. Kxf4 Rd7 31. Re8+ Kf6 32. Rf8+ Ke6 33. Re8+ Kf6 34. Rf8+ 1/2-1/2

[Event "CHN-chT Div-A Rapid"]
[Site "Fuling"]
[Date "2022.09.19"]
[Round "11.5"]
[White "Xu, Jun"]
[Black "Liu, Qingnan"]
[Result "1-0"]
[WhiteElo "2474"]
[BlackElo "2542"]
[PlyCount "89"]
[EventDate "2022.09.06"]
[EventType "team-tourn (rapid)"]
[EventRounds "11"]
[EventCountry "CHN"]
[SourceTitle "CBM 210 Extra"]
[Source "ChessBase"]
[SourceDate "2022.11.30"]
[SourceVersion "1"]
[SourceVersionDate "2022.11.30"]
[SourceQuality "1"]
[WhiteTeam "Jiangsu"]
[BlackTeam "Shandong"]
[WhiteTeamCountry "CHN"]
[BlackTeamCountry "CHN"]

1. c4 Nf6 2. Nc3 e6 3. d4 c5 4. d5 exd5 5. cxd5 d6 6. e4 g6 7. h3 Bg7 8. Nf3 0-0 9. Bd3 Na6 10. 0-0 Nc7 11. Re1 Rb8 12. a4 a6 13. Bf1 Nd7 14. Bf4 Ne8 15. Rb1 Qc7 16. Qd2 Ne5 17. Nxe5 Bxe5 18. Bxe5 dxe5 19. b4 c4 20. b5 Nd6 21. bxa6 bxa6 22. Rxb8 Qxb8 23. Rb1 Qa7 24. Qb2 Qd4 25. Qb6 Qxc3 26. Qxd6 Qc2 27. Rb8 Qxa4 28. Qc5 Qd7 29. Bxc4 Re8 30. d6 Kg7 31. Bd5 Rd8 32. Bc6 Qe6 33. d7 Bxd7 34. Rxd8 Qxc6 35. Qxe5+ Kh6 36. Rg8 f6 37. Qf4+ g5 38. Qe3 Qd6 39. h4 Qd1+ 40. Kh2 Qh5 41. g3 Be6 42. Ra8 Bc4 43. Rc8 Bb5 44. e5 fxe5 45. Rg8 1-0

[Event "CHN-chT Div-A"]
[Site "Fuling"]
[Date "2022.09.19"]
[Round "11.5"]
[White "Zhao, Jun"]
[Black "Xu, Jun"]
[Result "1/2-1/2"]
[WhiteElo "2619"]
[BlackElo "2474"]
[PlyCount "197"]
[EventDate "2022.09.06"]
[EventType "team-tourn"]
[EventRounds "11"]
[EventCountry "CHN"]
[SourceTitle "CBM 210 Extra"]
[Source "ChessBase"]
[SourceDate "2022.11.30"]
[SourceVersion "1"]
[SourceVersionDate "2022.11.30"]
[SourceQuality "1"]
[WhiteTeam "Shandong"]
[BlackTeam "Jiangsu"]
[WhiteTeamCountry "CHN"]
[BlackTeamCountry "CHN"]

1. e4 c5 2. Nf3 d6 3. Bb5+ Nd7 4. c4 a6 5. Ba4 Ngf6 6. Nc3 g6 7. 0-0 Bg7 8. d3 0-0 9. h3 e6 10. Be3 Qc7 11. Qd2 b6 12. Bh6 Bb7 13. Bxg7 Kxg7 14. Nh2 d5 15. Bxd7 Nxd7 16. cxd5 exd5 17. Nxd5 Bxd5 18. Qc3+ f6 19. exd5 Qd6 20. Qb3 b5 21. a4 bxa4 22. Rxa4 Nb6 23. Ra5 Nxd5 24. d4 Rfb8 25. Qa3 Nf4 26. Rxc5 Ne2+ 27. Kh1 Nxd4 28. Rd1 Qe7 29. Rd5 Qxa3 30. Rd7+ Kg8 31. bxa3 Nf5 32. Ng4 Rb6 33. Rc1 h5 34. Ne3 Nxe3 35. fxe3 Re8 36. Rcc7 g5 37. a4 h4 38. Kh2 Rbe6 39. Rg7+ Kh8 40. Rh7+ Kg8 41. Rcg7+ Kf8 42. Rf7+ Kg8 43. Rhg7+ Kh8 44. Rg6 Rd6 45. Rfxf6 Rxf6 46. Rxf6 Kg7 47. Rxa6 Rxe3 48. Kg1 Re2 49. Rd6 Re4 50. a5 Ra4 51. a6 Ra2 52. Kf1 Kf7 53. Rb6 Kg7 54. Rb7+ Kf6 55. a7 Kf5 56. Ke1 g4 57. hxg4+ Kxg4 58. Rg7+ Kf5 59. Kd1 Ke5 60. Kc1 Kd5 61. Kb1 Ra6 62. Kc2 Kc4 63. Rc7+ Kd5 64. Rh7 Ra4 65. Kb3 Ra1 66. Kb4 Kc6 67. Kc4 Ra4+ 68. Kd3 Kd5 69. Ke3 Ke5 70. Kd3 Kd5 71. Kc3 Kc5 72. Kd2 Kd5 73. Rg7 Ra3 74. Kc2 Kc5 75. Kb2 Ra6 76. Rh7 Ra4 77. Kb3 Ra1 78. Kc3 Ra3+ 79. Kd2 Kd5 80. Ke2 Ke5 81. Rb7 Kd5 82. Kf2 Ke5 83. Rh7 Kd5 84. Rxh4 Rxa7 85. Rf4 Ke5 86. Kf3 Ke6 87. Kg3 Rg7+ 88. Kh3 Rh7+ 89. Kg3 Rg7+ 90. Rg4 Ra7 91. Rf4 Rg7+ 92. Kf2 Rg8 93. g3 Rg6 94. Kf3 Ke7 95. Kg2 Rh6 96. Rf1 Ke6 97. g4 Rf6 98. Rf2 Rf5 99. Rxf5 1/2-1/2

[Event "CHN-chT Div-A Rapid"]
[Site "Fuling"]
[Date "2022.09.18"]
[Round "10.3"]
[White "Lin, Yi1111"]
[Black "Xu, Jun"]
[Result "1-0"]
[WhiteElo "2394"]
[BlackElo "2474"]
[PlyCount "151"]
[EventDate "2022.09.06"]
[EventType "team-tourn (rapid)"]
[EventRounds "11"]
[EventCountry "CHN"]
[SourceTitle "CBM 210 Extra"]
[Source "ChessBase"]
[SourceDate "2022.11.30"]
[SourceVersion "1"]
[SourceVersionDate "2022.11.30"]
[SourceQuality "1"]
[WhiteTeam "Hangzhou Zhenjiang"]
[BlackTeam "Jiangsu"]
[WhiteTeamCountry "CHN"]
[BlackTeamCountry "CHN"]

1. d4 Nf6 2. c4 e6 3. g3 c5 4. d5 exd5 5. cxd5 b5 6. Nf3 Bb7 7. e4 Nxe4 8. Bg2 Be7 9. 0-0 0-0 10. Re1 Nd6 11. Bf4 Na6 12. Nc3 b4 13. Na4 Nc8 14. Ne5 d6 15. Nc6 Bxc6 16. dxc6 Nc7 17. Nxc5 dxc5 18. Qd7 Nb5 19. Rad1 a6 20. Qxd8 Bxd8 21. c7 Bxc7 22. Bxa8 Bxf4 23. gxf4 Ncd6 24. Bc6 Nd4 25. Re5 Rc8 26. Rxc5 N6f5 27. Re1 Nd6 28. Rd5 Nf3+ 29. Kf1 Nxe1 30. Rxd6 Nc2 31. Bb7 Rb8 32. Rxa6 Kf8 33. Ra8 Rxa8 34. Bxa8 Nd4 35. Bd5 Ke7 36. a3 bxa3 37. bxa3 f6 38. Bc4 Kd6 39. Bd3 Ne6 40. f5 Nc5 41. Bc2 Kd5 42. Ke2 Kd4 43. Kd2 Kc4 44. Bd1 Ne4+ 45. Ke3 Nd6 46. Kf4 Kc3 47. a4 Kb4 48. Bc2 Kc3 49. Be4 Kb4 50. Bc6 Kc5 51. Bd7 Kb4 52. Ke3 Kc5 53. Kd3 Nc4 54. Ke4 Nd6+ 55. Ke3 Nc4+ 56. Kf4 Nd6 57. h3 Kb4 58. Ke3 Kc5 59. Kd3 Nc4 60. Be8 Nd6 61. Bd7 Nc4 62. Ke4 Nd6+ 63. Kf4 Kb4 64. h4 Kc5 65. a5 Nc4 66. a6 Kb6 67. Be6 Nd6 68. Bg8 Kxa6 69. Bxh7 Kb6 70. Kg4 Nf7 71. Bg6 Nh8 72. h5 Kc7 73. h6 gxh6 74. Kh5 Kd6 75. Kxh6 Ke7 76. Kg7 1-0

[Event "CHN-chT Div-A"]
[Site "Fuling"]
[Date "2022.09.14"]
[Round "7.3"]
[White "Bu, Xiangzhi"]
[Black "Xu, Jun"]
[Result "1-0"]
[WhiteElo "2709"]
[BlackElo "2474"]
[PlyCount "133"]
[EventDate "2022.09.06"]
[EventType "team-tourn"]
[EventRounds "11"]
[EventCountry "CHN"]
[SourceTitle "CBM 210 Extra"]
[Source "ChessBase"]
[SourceDate "2022.11.30"]
[SourceVersion "1"]
[SourceVersionDate "2022.11.30"]
[SourceQuality "1"]
[WhiteTeam "Chongqing Ticai"]
[BlackTeam "Jiangsu"]
[WhiteTeamCountry "CHN"]
[BlackTeamCountry "CHN"]

1. d4 Nf6 2. c4 e6 3. g3 c5 4. d5 exd5 5. cxd5 b5 6. Bg2 d6 7. Nh3 g6 8. b3 Bg7 9. Bb2 0-0 10. 0-0 Re8 11. Re1 Nbd7 12. Nf4 Ne5 13. Nd3 Nfg4 14. Nxe5 Nxe5 15. a4 bxa4 16. Rxa4 Nf3+ 17. Bxf3 Bxb2 18. Qc2 Bg7 19. Nd2 Bd7 20. Ra2 a5 21. e3 Qc7 22. Nc4 Reb8 23. e4 Bb5 24. Be2 Bxc4 25. Bxc4 Rb4 26. Re2 Qd7 27. Qd3 a4 28. bxa4 Raxa4 29. Bb5 c4 30. Bxa4 cxd3 31. Bxd7 dxe2 32. Rxe2 Kf8 33. Ra2 Ke7 34. Bc6 Rb1+ 35. Kg2 Ra1 36. Rc2 Bd4 37. Rd2 Bc3 38. Rc2 Bd4 39. h4 h6 40. Bb5 Bc5 41. Rb2 Bd4 42. Rc2 Rb1 43. Rc7+ Kf8 44. Rc8+ Kg7 45. Rc4 Be5 46. Ba4 Rb2 47. Bc2 Bf6 48. f4 h5 49. Kf3 Kf8 50. Rc8+ Kg7 51. Ke3 Rb4 52. Rc6 Bd4+ 53. Kf3 Rb2 54. Rc4 Bf6 55. Ke3 Ra2 56. Rc6 Ra3+ 57. Bd3 Be7 58. e5 dxe5 59. fxe5 Ra5 60. Kd4 Ba3 61. Rc7 Kf8 62. Ke4 Bb2 63. Bc4 Ke8 64. Rb7 Ba1 65. Bb5+ Kf8 66. e6 fxe6 67. dxe6 1-0

[Event "CHN-chT Div-A"]
[Site "Fuling"]
[Date "2022.09.07"]
[Round "2.6"]
[White "Ding, Liren"]
[Black "Xu, Jun"]
[Result "1-0"]
[WhiteElo "2808"]
[BlackElo "2474"]
[PlyCount "53"]
[EventDate "2022.09.06"]
[EventType "team-tourn"]
[EventRounds "11"]
[EventCountry "CHN"]
[SourceTitle "CBM 210 Extra"]
[Source "ChessBase"]
[SourceDate "2022.11.30"]
[SourceVersion "1"]
[SourceVersionDate "2022.11.30"]
[SourceQuality "1"]
[WhiteTeam "Zhejiang"]
[BlackTeam "Jiangsu"]
[WhiteTeamCountry "CHN"]
[BlackTeamCountry "CHN"]

1. d4 Nf6 2. c4 e6 3. Nc3 Bb4 4. f3 d5 5. a3 Bxc3+ 6. bxc3 c5 7. cxd5 Nxd5 8. dxc5 f5 9. Nh3 Qa5 10. Nf4 Qxc5 11. Qd4 Qxd4 12. cxd4 Nc6 13. Nxd5 exd5 14. e3 f4 15. exf4 Nxd4 16. Kf2 0-0 17. Bb2 Nb3 18. Rd1 Rxf4 19. Rxd5 Be6 20. Re5 Bf7 21. Bd3 Rd8 22. Rd1 Kf8 23. Bc3 a5 24. Kg3 Ra4 25. Bb2 b6 26. Bc2 Rxd1 27. Bxd1 1-0

[Event "CHN-chT"]
[Site "Daqing"]
[Date "2019.06.24"]
[Round "6.5"]
[White "Chen, Kailin"]
[Black "Xu, Jun"]
[Result "0-1"]
[WhiteElo "2073"]
[BlackElo "2481"]
[PlyCount "106"]
[EventDate "2019.06.19"]
[EventType "team-swiss"]
[EventRounds "9"]
[EventCountry "CHN"]
[SourceTitle "CBM 191 Extra"]
[Source "ChessBase"]
[SourceDate "2019.09.30"]
[SourceVersion "1"]
[SourceVersionDate "2019.09.30"]
[SourceQuality "1"]
[WhiteTeam "Wuxi"]
[BlackTeam "Jiangsu"]
[WhiteTeamCountry "CHN"]
[BlackTeamCountry "CHN"]

1. e4 c5 2. Nf3 d6 3. d4 cxd4 4. Nxd4 Nf6 5. Nc3 Nc6 6. g3 g6 7. Bg2 Nxd4 8. Qxd4 Bg7 9. 0-0 0-0 10. Qd3 Be6 11. Nd5 Rc8 12. Rb1 Nxd5 13. exd5 Bf5 14. Be4 Bh3 15. Bg2 Bxg2 16. Kxg2 Bf6 17. Be3 Qc7 18. c3 Qc4 19. Qxc4 Rxc4 20. Rfd1 h5 21. Rd3 b5 22. Rbd1 Rfc8 23. Bd4 Kg7 24. f4 a5 25. Kf3 b4 26. b3 R4c7 27. c4 a4 28. Ke4 axb3 29. axb3 Ra8 30. h4 Ra3 31. Rf1 Bxd4 32. Kxd4 Kf6 33. Ke4 Ra2 34. f5 g5 35. hxg5+ Kxg5 36. Rdf3 f6 37. R1f2 Rxf2 38. Rxf2 Kg4 39. Rh2 Ra7 40. Rh4+ Kg5 41. Rf4 Ra1 42. Kd4 Rd1+ 43. Ke4 Rg1 44. Rf3 Kg4 45. Rf4+ Kxg3 46. Rf3+ Kg4 47. Rf4+ Kg5 48. Rf2 h4 49. Kd4 h3 50. Ke4 Kh4 51. Re2 Rg2 52. Re1 h2 53. Kf4 Rg1 0-1

[Event "CHN-ch"]
[Site "Hangzhou"]
[Date "2019.05.21"]
[Round "10"]
[White "Wen, Yang"]
[Black "Xu, Jun"]
[Result "1/2-1/2"]
[WhiteElo "2602"]
[BlackElo "2487"]
[PlyCount "71"]
[EventDate "2019.05.11"]
[EventType "tourn"]
[EventRounds "11"]
[EventCountry "CHN"]
[EventCategory "12"]
[SourceTitle "CBM 190"]
[Source "ChessBase"]
[SourceDate "2019.06.30"]
[SourceVersion "1"]
[SourceVersionDate "2019.06.30"]
[SourceQuality "1"]

1. e4 e5 2. Nf3 Nc6 3. Bc4 Bc5 4. c3 Nf6 5. d3 d6 6. 0-0 a6 7. a4 0-0 8. Re1 h6 9. h3 Ba7 10. Nbd2 Be6 11. b4 Ne7 12. Bxe6 fxe6 13. Nf1 Nh5 14. d4 Qe8 15. Be3 Ng6 16. Nxe5 Nxe5 17. dxe5 dxe5 18. Bxa7 Rxa7 19. Ne3 Nf4 20. Nc4 Qg6 21. Qf3 Qg5 22. Na5 c5 23. Qg3 Rc8 24. Qxg5 hxg5 25. Nb3 cxb4 26. cxb4 Rc2 27. Rad1 b6 28. Rd8+ Kh7 29. Nd2 Rf7 30. Kh2 Kg6 31. Kg1 Kf6 32. Nf3 Ne2+ 33. Kh2 Nd4 34. Kg3 Nxf3 35. gxf3 Rb2 36. Ra8 1/2-1/2

[Event "CHN-ch"]
[Site "Hangzhou"]
[Date "2019.05.16"]
[Round "6"]
[White "Xu, Xiangyu"]
[Black "Xu, Jun"]
[Result "1-0"]
[WhiteElo "2583"]
[BlackElo "2487"]
[PlyCount "57"]
[EventDate "2019.05.11"]
[EventType "tourn"]
[EventRounds "11"]
[EventCountry "CHN"]
[EventCategory "12"]
[SourceTitle "CBM 190"]
[Source "ChessBase"]
[SourceDate "2019.06.30"]
[SourceVersion "1"]
[SourceVersionDate "2019.06.30"]
[SourceQuality "1"]

1. e4 e5 2. Nf3 Nc6 3. d4 exd4 4. Nxd4 Bb4+ 5. c3 Bc5 6. Be3 Bb6 7. Nf5 Bxe3 8. Nxe3 Nf6 9. f3 0-0 10. Be2 d6 11. Qd2 Ne5 12. c4 b6 13. Nc3 Bb7 14. Nf5 Ng6 15. h4 Ne7 16. g4 Nxf5 17. gxf5 Qe7 18. 0-0-0 Kh8 19. Rhg1 Rg8 20. Kb1 a6 21. Nd5 Bxd5 22. cxd5 h6 23. Rc1 Ra7 24. Rc3 Nh5 25. Qc1 Kh7 26. Ka1 Qxh4 27. Rh1 Qf2 28. Rxh5 Qxe2 29. Rc2 1-0

[Event "CHN-ch"]
[Site "Hangzhou"]
[Date "2019.05.15"]
[Round "5"]
[White "Xu, Jun"]
[Black "Peng, Xiongjian"]
[Result "1/2-1/2"]
[WhiteElo "2487"]
[BlackElo "2451"]
[PlyCount "102"]
[EventDate "2019.05.11"]
[EventType "tourn"]
[EventRounds "11"]
[EventCountry "CHN"]
[EventCategory "12"]
[SourceTitle "CBM 190"]
[Source "ChessBase"]
[SourceDate "2019.06.30"]
[SourceVersion "1"]
[SourceVersionDate "2019.06.30"]
[SourceQuality "1"]

1. d4 d5 2. c4 e6 3. Nf3 a6 4. Bg5 Nf6 5. e3 Be7 6. Nc3 Nbd7 7. Qc2 0-0 8. c5 h6 9. Bf4 c6 10. Bd3 Re8 11. 0-0 Bxc5 12. dxc5 e5 13. Nxe5 Nxe5 14. Na4 Nxd3 15. Qxd3 g5 16. Bg3 Ne4 17. f3 Nxg3 18. hxg3 Qf6 19. g4 Be6 20. Rad1 Re7 21. Qd4 Qg7 22. Nc3 f5 23. gxf5 Bxf5 24. e4 dxe4 25. Nxe4 Bxe4 26. fxe4 Qxd4+ 27. Rxd4 Rae8 28. Rf6 Rxe4 29. Rdd6 R8e7 30. Rxh6 Rc4 31. Rhg6+ Rg7 32. Rxg7+ Kxg7 33. Rd7+ Kf6 34. Rxb7 Rxc5 35. b4 Rc2 36. a4 Ke5 37. Ra7 Kf4 38. Kh2 g4 39. Rf7+ Ke3 40. Kg3 Rc4 41. Rb7 Kd3 42. Rb6 Kc3 43. b5 axb5 44. axb5 c5 45. Rb8 Kb4 46. b6 Kb5 47. b7 Kb6 48. Rg8 Kxb7 49. Rxg4 Rc1 50. Kf2 Kc6 51. Ke2 Kb5 1/2-1/2

[Event "CHN-ch"]
[Site "Hangzhou"]
[Date "2019.05.13"]
[Round "3"]
[White "Xu, Yinglun"]
[Black "Xu, Jun"]
[Result "1-0"]
[WhiteElo "2528"]
[BlackElo "2487"]
[PlyCount "95"]
[EventDate "2019.05.11"]
[EventType "tourn"]
[EventRounds "11"]
[EventCountry "CHN"]
[EventCategory "12"]
[SourceTitle "CBM 190"]
[Source "ChessBase"]
[SourceDate "2019.06.30"]
[SourceVersion "1"]
[SourceVersionDate "2019.06.30"]
[SourceQuality "1"]

1. d4 Nf6 2. c4 e6 3. Nf3 d5 4. Nc3 Bb4 5. Qa4+ Nc6 6. e3 0-0 7. Qc2 dxc4 8. Bxc4 Bd6 9. 0-0 e5 10. h3 a6 11. a3 Bd7 12. Rd1 Qc8 13. d5 Ne7 14. e4 Ng6 15. Be2 Nh5 16. Nh2 Nhf4 17. Bg4 Bxg4 18. hxg4 h5 19. gxh5 Nxh5 20. Qe2 Nhf4 21. Qg4 Bc5 22. g3 Qxg4 23. Nxg4 Nh5 24. Kg2 Nf6 25. Nxf6+ gxf6 26. Bh6 Rfd8 27. Rac1 Bd6 28. Rd3 Rd7 29. Rf3 Be7 30. Nd1 c6 31. Ne3 cxd5 32. Nxd5 Rad8 33. Nxf6+ Bxf6 34. Rxf6 Rd4 35. Be3 R4d6 36. Rxd6 Rxd6 37. Rc7 b5 38. Kf3 Rd3 39. Kg4 Rb3 40. Kf5 Kg7 41. Rc2 a5 42. Bd2 b4 43. axb4 axb4 44. Be3 Rd3 45. Rd2 Rb3 46. Re2 Rd3 47. Rc2 Kg8 48. Rd2 1-0

[Event "CHN-chT"]
[Site "Hangzhou"]
[Date "2018.06.24"]
[Round "8.3"]
[White "Xu, Jun"]
[Black "Xiang, Zeyu"]
[Result "1-0"]
[WhiteElo "2493"]
[BlackElo "2423"]
[PlyCount "81"]
[EventDate "2018.06.19"]
[EventType "team-swiss"]
[EventRounds "9"]
[EventCountry "CHN"]
[SourceTitle "CBM 185 Extra"]
[Source "ChessBase"]
[SourceDate "2018.07.29"]
[SourceVersion "1"]
[SourceVersionDate "2018.07.29"]
[SourceQuality "1"]
[WhiteTeam "Jiangsu"]
[BlackTeam "Hangzhou"]
[WhiteTeamCountry "CHN"]
[BlackTeamCountry "CHN"]

1. c4 e6 2. Nc3 d5 3. d4 Nf6 4. Bg5 Be7 5. e3 h6 6. Bxf6 Bxf6 7. Nf3 c6 8. Bd3 Nd7 9. 0-0 0-0 10. h3 dxc4 11. Bxc4 e5 12. Re1 exd4 13. exd4 Nb6 14. Bb3 Bf5 15. Ne5 Bxe5 16. Rxe5 Qf6 17. Qh5 Bg6 18. Qe2 Rad8 19. Rd1 Nc8 20. d5 c5 21. d6 Rxd6 22. Rxc5 Rxd1+ 23. Qxd1 Qe7 24. Qd4 Nb6 25. Re5 Qd7 26. Qe3 Nc8 27. Nd5 Rd8 28. Nf4 Kh8 29. Rd5 Qc7 30. Nxg6+ fxg6 31. Rxd8+ Qxd8 32. Qe4 Ne7 33. Qxb7 a5 34. g3 Kh7 35. Qe4 Nf5 36. Qd5 Nd6 37. h4 g5 38. Bc2+ Kh8 39. hxg5 hxg5 40. Qh1+ Kg8 41. Bb3+ 1-0

[Event "CHN-chT"]
[Site "Hangzhou"]
[Date "2018.06.22"]
[Round "6.2"]
[White "Liu, Guanchu"]
[Black "Xu, Jun"]
[Result "1/2-1/2"]
[WhiteElo "2445"]
[BlackElo "2493"]
[PlyCount "79"]
[EventDate "2018.06.19"]
[EventType "team-swiss"]
[EventRounds "9"]
[EventCountry "CHN"]
[SourceTitle "CBM 185 Extra"]
[Source "ChessBase"]
[SourceDate "2018.07.29"]
[SourceVersion "1"]
[SourceVersionDate "2018.07.29"]
[SourceQuality "1"]
[WhiteTeam "Chengdu"]
[BlackTeam "Jiangsu"]
[WhiteTeamCountry "CHN"]
[BlackTeamCountry "CHN"]

1. e4 e5 2. Nf3 Nc6 3. c3 Nf6 4. d4 exd4 5. e5 Nd5 6. Qb3 Nb6 7. cxd4 d5 8. Bb5 Bd7 9. 0-0 a6 10. Bg5 Be7 11. Bxc6 Bxc6 12. Bxe7 Qxe7 13. Nbd2 0-0 14. Qc2 a5 15. a4 Nd7 16. Rfe1 Rfe8 17. Nf1 Nf8 18. Ne3 Ne6 19. b3 Qd7 20. h4 h6 21. Rac1 Ra6 22. Qd2 b5 23. axb5 Bxb5 24. Nf5 a4 25. bxa4 Rxa4 26. Rc3 Rea8 27. Nxh6+ gxh6 28. Qxh6 R8a6 29. Ng5 Nxg5 30. Qxg5+ Kf8 31. h5 Qe7 32. Qf4 Ra1 33. Rxa1 Rxa1+ 34. Kh2 Ra6 35. Rg3 Bd7 36. h6 Qe6 37. Rh3 Ra8 38. Rg3 Ra6 39. Rh3 Ra8 40. Rg3 1/2-1/2

[Event "CHN-ch"]
[Site "Xinghua"]
[Date "2018.04.23"]
[Round "6"]
[White "Bai, Jinshi"]
[Black "Xu, Jun"]
[Result "1-0"]
[WhiteElo "2586"]
[BlackElo "2501"]
[PlyCount "77"]
[EventDate "2018.04.18"]
[EventType "tourn"]
[EventRounds "11"]
[EventCountry "CHN"]
[EventCategory "12"]
[SourceTitle "CBM 184 Extra"]
[Source "ChessBase"]
[SourceDate "2018.06.28"]
[SourceVersion "1"]
[SourceVersionDate "2018.06.28"]
[SourceQuality "1"]

1. Nf3 c5 2. c4 Nc6 3. Nc3 g6 4. e3 Nf6 5. d4 cxd4 6. exd4 d5 7. cxd5 Nxd5 8. Bc4 Nb6 9. Bb3 Bg7 10. d5 Na5 11. 0-0 0-0 12. h3 Nxb3 13. axb3 Qd6 14. Re1 Bd7 15. Be3 Rfe8 16. Ne4 Qb8 17. Bd4 Bxd4 18. Qxd4 Bf5 19. Ng3 Bd7 20. Rad1 Qd8 21. h4 e6 22. d6 Bc6 23. Ne5 Nd7 24. Nxd7 Qxd7 25. Qf6 Qd8 26. Qf4 e5 27. Rxe5 Rxe5 28. Qxe5 Qxh4 29. Rd4 Qh6 30. d7 Rd8 31. Ne4 Qc1+ 32. Kh2 Qh6+ 33. Kg1 Qc1+ 34. Kh2 Qh6+ 35. Kg3 g5 36. Nf6+ Kf8 37. Rg4 Rxd7 38. Rxg5 Rd3+ 39. f3 1-0